000
00322 a2200145 4500
001
74753
020
_a
978851606837-0
040
_c
Anchieta - Colégio São Paulo
240
1
0
_a
Araribá Geografia
_l
por
245
1
0
_a
Araribá Geografia
300
_a
216
362
0
_a
2010
650
4
_a
Geografia e viagens
942
_c
BK
999
_c
74753
_d
74753